Central Library and Information Centre
Sibsagar Girls' College, Sivasagar : Assam

HIGH SCHOOL ENGLISH GRAMMAR AND COMPOSITION (Record no. 11048)

MARC details
000 -LEADER
fixed length control field 00592cam a2200217ua 4500
008 - FIXED-LENGTH DATA ELEMENTS--GENERAL INFORMATION
fixed length control field 160327n1995 II |||gr||||Z||||||eng
040 ## - CATALOGING SOURCE
Original cataloging agency MAIN
041 ## - LANGUAGE CODE
-- English
082 ## - DEWEY DECIMAL CLASSIFICATION NUMBER
Classification number 425 WRE
100 ## - MAIN ENTRY--PERSONAL NAME
Personal name WREN, P.C.
245 ## - TITLE STATEMENT
Title HIGH SCHOOL ENGLISH GRAMMAR AND COMPOSITION
250 ## - EDITION STATEMENT
Edition statement REP.
260 ## - PUBLICATION, DISTRIBUTION, ETC.
Place of publication, distribution, etc. NEW DELHI
Name of publisher, distributor, etc. S.CHAND & COMPANY
Date of publication, distribution, etc. 1995
300 ## - PHYSICAL DESCRIPTION
Extent 419:
Dimensions 20CM.
500 ## - GENERAL NOTE
General note Donated by Madhuri Kamder, Ex.Student, Sibsagar Girls` College on 30-09-2013
700 ## - ADDED ENTRY--PERSONAL NAME
Personal name WREN, P.C.,
Relator term AUTHOR.,
700 ## - ADDED ENTRY--PERSONAL NAME
Personal name MARTIN, H.,
Relator term AUTHOR.,
942 ## - ADDED ENTRY ELEMENTS (KOHA)
Koha item type Books
653 ## - INDEX TERM--UNCONTROLLED
Uncontrolled term Grammar
Holdings
Withdrawn status Lost status Damaged status Not for loan Collection code Home library Current library Shelving location Date acquired Full call number Barcode Date last seen Copy number Price effective from Koha item type
        REFENG Central Library and Information Centre Sibsagar Girls College Central Library and Information Centre Sibsagar Girls College English Rack 18.03.1987 425 WRE 09510 27.02.2020 1 27.02.2020 Books


Sibsagar Girl's College © 2020. All rights reserved.
Powered by Koha.
Maintained by Abhijit Borpuzari.